000 01070nam a22003497a 4500
003 CHAP
005 20220329135830.0
008 971013s1963 r 00010 d
010 _a42951
011 _a43923
035 _a48060
040 _cCHAP
082 _a581.9
_bE97
100 0 0 _aEyre, S. R.
_939222
245 _aVegetation and soils ; a world picture
260 _aLondon :
_bArnold,
_c1963
300 _a324 p.
_b: ilus.
590 _aBATCH-UPD
_b10
_c20130110
_lUCH01
_h0122
590 _aBATCH-UPD
_b10
_c20130110
_lUCH01
_h1514
590 _aBATCH-UPD
_b10
_c20130409
_lUCH01
_h2116
590 _aBATCH-UPD
_b10
_c20130410
_lUCH01
_h0930
590 _aBATCH-UPD
_b10
_c20130914
_lUCH01
_h0732
590 _aCONVERSION
_b10
_c20130109
_lUCH01
_h1324
650 1 4 _aBotánica
_xTrópicos.
_914626
650 1 4 _aEcología vegetal.
_935188
650 1 4 _aFitogeografía.
_941157
650 1 4 _aFitogeografía
_xMapas.
_941158
650 1 4 _aSuelos.
_9110191
901 _aBK
942 _cLIBRO
949 _a581.9 E97
_bBC
_cLIBRO
_d33724000451332
_eLIBRO
_h9635
_i48060
_si
999 _c42951
_d42951